Quizzes
Events
Quiz Creation
Community
Videos
Private Events
Remove Ads
Sign In
Join for FREE
Feedback
Dark Mode
Quiz Categories
Sports
Geography
Music
Movies
Television
Just For Fun
Miscellaneous
History
Literature
Language
Science
Gaming
Entertainment
Religion
Holiday
For Kids
Quiz Lab
Recent
Popular Today
Quiz Kudos Today
Editor Picks
Curator Picks
Quizzes by...
Day
Popularity
Type
Ratings
Length
Year
Community
Subscriptions
Recent Discussions
Orange Saloon
Badges
Playlists
Quests
Create
Leaderboards
Showdown
Live 5
Trivia Bingo
Activity
Puzzle Library
Sporcle Events
Private Events
Virtual Trivia
Globe League
Become a Host
Pub Owners
SporcleCon
Opinionation
Our Games
Videos
Blog
Mobile Apps
Partnerships
Remove Ads and Go Orange
Feedback
Sports
Athletes
MLB
NBA
NHL
NFL
Soccer
Sports Teams
WWE
NCAA
Football
Premier League
Basketball
Baseball
Hockey
Golf
Tennis
Cricket
Rugby
Auto Racing
Olympics
World Cup
Sports
Athletes
MLB
NBA
NHL
NFL
Soccer
Sports Teams
WWE
NCAA
Football
Premier League
Basketball
Baseball
Hockey
Golf
Tennis
Cricket
Rugby
Auto Racing
Olympics
World Cup
Random Quiz
Search Sporcle
×
Quiz Lab
Quiz Lab
Sports
NBA
Type in answers that appear in a list
Type in answers that appear in a list
Classic
Best Score? Go Orange.
TOP 50 Most Loyal NBA Players Stats
Can you name the TOP 50 Most Loyal NBA Players?
By
StoGas
12m
50 Questions
1,853 Plays
1,853 Plays
1,853 Plays
Comments
Comments
Give Quiz Kudos
Give Quiz Kudos
-
- Ratings
hide this ad
More Info
Replay
Link that replays current quiz
Next Quiz
Link to next quiz in quiz playlist
You Got
0%
They Got
Avg Score
43%
Avg Friend Score
Upgrade to see
Score Distribution
Jump to the score distribution portion of the page
Score
0/50
Timer
12:00
0
Plays Today
Points
Player
% Correct
27868
Kobe Bryant
97.5%
21663
Tim Duncan
91.2%
21791
Larry Bird
91%
25279
Reggie Miller
88.8%
21410
Paul Pierce
87.5%
22792
Dirk Nowitzki
86.5%
17707
Magic Johnson
81.2%
20790
David Robinson
80%
19711
John Stockton
80%
25192
Jerry West
79.9%
8690
David West
77.7%
14522
Bill Russell
71%
18822
Isiah Thomas
70.9%
26395
John Havlicek
70%
18364
Julius Erving
68.5%
13908
Dwyane Wade
66.7%
23149
Elgin Baylor
62.7%
17335
Kevin McHale
62.3%
12481
Tony Parker
58.2%
16320
James Worthy
57.4%
16401
Joe Dumars
50.4%
15411
Sam Jones
46.2%
9674
Manu Ginobili
45.5%
9247
Yao Ming
36.8%
11554
Michael Redd
36.8%
Points
Player
% Correct
12183
Willis Reed
35.4%
10322
Dwight Howard
33.3%
21586
Hal Greer
29.6%
12871
Rik Smits
28.9%
10156
George Mikan
27.8%
20880
Bob Pettit
27%
10624
Wes Unseld
25.8%
10389
Brad Daugherty
23.5%
13626
Billy Cunningham
22.3%
18438
Dolph Schayes
22%
17949
Calvin Murphy
21.7%
12194
Tom Heinsohn
18%
16266
Paul Arizin
17.1%
14018
Fred Brown
15.8%
14659
Dan Issel
14.2%
9217
Bill Bradley
13.3%
13383
Rudy Tomjanovich
12.5%
13910
Alvan Adams
12%
15840
Jack Twyman
10%
12391
Darrell Griffith
7.6%
8766
Tom Sanders
5.9%
10063
Vern Mikkelsen
5.7%
10023
Neil Johnston
5.2%
13447
Cliff Hagan
4.7%
9732
Geoff Petrie
3.7%
Quiz Playlist
Details
Report
Send in Message
Add To Playlist
More Info:
Name the surname of a player that all his career played for one team
Classic:
Type in answers that appear in a list
Quiz Source
Last Updated: Sep 25, 2018
Quiz Scoreboard
CHALLENGE
Sign Up to Join the Scoreboard
Show All
Scores
Hide
Comments
May contain spoilers
Recently Published
Popular People in 1961
by mucciniale
History
6m
1-10 Letter E Words III
by El_Dandy
Language
2m
One Thing in Common: World Cities II
by knightlancer
Geography
7m
More to Explore
Quiz From the Vault
Featured Blog Post
Where Did the Easter Bunny Come From?
hide this ad
You Might Also Like...
Tags
Basketball Quiz
NBA Quiz
Loyal
NBA Player
Player
point
team
Top 50
Today's Top Quizzes in Sports
Browse Sports
hide this ad
Today's Top Quizzes in NBA
Browse NBA
Top Contributed Quizzes in Sports
1
Les meilleurs buteurs des matchs entre le PSG et l’OM
2
Les entraîneurs de l'OM et du PSG au 21e siècle
3
2022 World Cup Stars
4
FIFA Club World Cup Champions
5
Name the Premier League winners with different clubs
6
La finale Lions - Afrique du Sud 2021
7
Criteria MLB: Left Handed Sluggers
8
Players with Multiple 50 Home Run Seasons
9
MLB Players with Two .350 Batting Average Seasons
10
MLB Hall of Famer by Rings
Explore More
Trending Topics
Anime
Harry Potter
Kpop
Crossword
Marvel
NBA
Disney
Song
Soccer
WWE
NFL
Country
The Office
Pokémon
Puzzle
hide this ad
More By:
StoGas
Quiz
Plays
Rating
Category
Featured
Created
Top 50 Active NBA Players by Rebounds
3,840
3.45
Sports
Jun 29, 2011
TOP 50 Most Loyal NBA Players
1,853
2.05
Sports
Jun 29, 2011
Top NBA Assisters If Previous Ones Retired (2000s)
537
3.88
Sports
Jul 11, 2011
NBA 10/11 Top scorers (2011.02.04)
422
Sports
Nov 12, 2010
Euroleague Starting Fives
419
Sports
May 6, 2011
Go to Creator's Profile
Score Distribution
Quiz Creator Spotlight
StoGas
Follow
Send a Message
Quizzes Created
-
Created Quiz Play Count
-
More By This Creator
Popular Quizzes Today
1
Find the US States - No Outlines Minefield
2
The Countries of the World
3
Find the Countries of Europe - No Outlines Minefield
4
Popular People in 1961
5
1-10 Letter E Words III
6
Find the US States
7
One Thing in Common: World Cities II
8
US States
More Sports Quizzes
Clickable Snooker Balls
Published
Trending Quizzes
Risky Map Clicking: Least Populous States A-Z
1-10 Letter F Words
1-10 Letter G Words
One Thing in Common: United Kingdom
Risky Map Clicking: Next State Alphabetically
Recently Updated
Leaping Animals
pecheneg
Reality TV Shows (A-Z)
bhenderson79
Rickey Henderson's Hall of Fame Teammates
pecheneg
Champions League XIs: Arsenal
pecheneg
Quick Pick: Celebrities in WWE's Hall of Fame
aduchscher
A-Z Keypad Blitz II
pecheneg
Multiple Oscar Actors
pecheneg
Mystery Phrase Blitz: Oscar 'Best Actors'
pecheneg
F. Scott Fitzgerald Novels
LTH
Pick 3 Villains
ddd62291
Trending Topics
Disney
Marvel
Harry Potter
Kpop
Anime
Crossword
NBA
The Office
Song
Pokémon
WWE
Puzzle
Soccer
Country
NFL
Your Account Isn't Verified!
In order to create a playlist on Sporcle, you need to verify the email address you used during registration. Go to your
Sporcle Settings
to finish the process.
Report this User
Report this user for behavior that violates our
Community Guidelines
.
Details:
Send Report
Go to the Sporcle.com Mobile Site →
Comments